Eastern Utah Libraries Catalog: Duchesne, Heber, Roosevelt, & Vernal

Crossed / (Record no. 80069)

MARC details
000 -LEADER
fixed length control field 01135nam a22003378a 4500
001 - CONTROL NUMBER
control field BK0009429706
003 - CONTROL NUMBER IDENTIFIER
control field DLC
005 - DATE AND TIME OF LATEST TRANSACTION
control field 20241220131417.0
008 - FIXED-LENGTH DATA ELEMENTS--GENERAL INFORMATION
fixed length control field 110614s2011 nyu d 000 1 eng
010 ## - LIBRARY OF CONGRESS CONTROL NUMBER
LC control number 2011016442
020 ## - INTERNATIONAL STANDARD BOOK NUMBER
International Standard Book Number 9780525423652 : HRD
Terms of availability $17.99
020 ## - INTERNATIONAL STANDARD BOOK NUMBER
International Standard Book Number 0525423656 : HRD
Terms of availability $17.99
037 ## - SOURCE OF ACQUISITION
Source of stock number/acquisition Penguin Group USA, Order Processing Dept 120 Woodbine st, Bergenfield, NJ, USA, 07621
Note SAN 282-5074
040 ## - CATALOGING SOURCE
Original cataloging agency DLC
Transcribing agency DLC
Modifying agency DLC
050 00 - LIBRARY OF CONGRESS CALL NUMBER
Classification number PZ7.C7586
Item number Cr 2011
082 00 - DEWEY DECIMAL CLASSIFICATION NUMBER
Classification number [Fic]
Edition number 23
092 ## - LOCALLY ASSIGNED DEWEY CALL NUMBER (OCLC)
Classification number FIC
092 ## - LOCALLY ASSIGNED DEWEY CALL NUMBER (OCLC)
Classification number CONDIE
100 1# - MAIN ENTRY--PERSONAL NAME
Personal name Condie, Allyson Braithwaite.
9 (RLIN) 55769
245 10 - TITLE STATEMENT
Title Crossed /
Statement of responsibility, etc Ally Condie.
250 ## - EDITION STATEMENT
Edition statement 1st ed.
260 ## - PUBLICATION, DISTRIBUTION, ETC. (IMPRINT)
Place of publication, distribution, etc New York :
Name of publisher, distributor, etc Dutton Books,
Date of publication, distribution, etc 2011.
263 ## - PROJECTED PUBLICATION DATE
Projected publication date 1112
300 ## - PHYSICAL DESCRIPTION
Extent 384
500 ## - GENERAL NOTE
General note Sequel to: Matched.
520 ## - SUMMARY, ETC.
Summary, etc Seventeen-year-old Cassia sacrifices everything and heads to the Outer Provinces in search of Ky, where she is confronted with shocking revelations about Society and the promise of rebellion.
650 #1 - SUBJECT ADDED ENTRY--TOPICAL TERM
Topical term or geographic name as entry element Government, Resistance to
Form subdivision Fiction.
9 (RLIN) 5685533
650 #1 - SUBJECT ADDED ENTRY--TOPICAL TERM
Topical term or geographic name as entry element Fantasy.
9 (RLIN) 6227077
942 ## - ADDED ENTRY ELEMENTS (KOHA)
Koha item type BOOK
998 ## - LOCAL CONTROL INFORMATION (RLIN)
-- a146952
Holdings
Withdrawn status Lost status Source of classification or shelving scheme Damaged status Not for loan Collection code Home library Current library Shelving location Date acquired Source of acquisition Serial Enumeration / chronology Total Checkouts Total Renewals Full call number Barcode Date last seen Date checked out Cost, replacement price Price effective from Koha item type
    Dewey Decimal Classification     Young Adult Fiction Wasatch County Library Wasatch County Library Main Floor Teen Area 07/06/2020 Micromarketing #2 24 32 YA Condie 34301001643040 12/17/2025 10/18/2025 18.99 07/06/2020 BOOK
    Dewey Decimal Classification     Young Adult Fiction Wasatch County Library Wasatch County Library Main Floor Teen Area 10/19/2023 Donation #2 Matched 9 9 YA Condie 34301002053223 02/21/2026 10/31/2025 11.99 10/19/2023 BOOK
This project was made possible through a grant from the Institute of Museum and Library Service administered by the Utah State Library Division.

Wasatch County Library

  • 465 East 1200 South, Heber City, Utah 84032
  • Phone 435-654-1511 | Fax 435-654-6456

Hours

  • Monday - Friday 9:30 AM - 8:00 PM
  • Saturday 9:30 AM - 1:30 PM
  • Closed Sundays and Holidays